The Suns heartbeat (Record no. 18172)
[ view plain ]
| 000 -LEADER | |
|---|---|
| fixed length control field | 00532nam a2200181Ia 4500 |
| 003 - CONTROL NUMBER IDENTIFIER | |
| control field | IN-BaIIA |
| 008 - FIXED-LENGTH DATA ELEMENTS--GENERAL INFORMATION | |
| fixed length control field | 211028s9999 xx 000 0 eng d |
| 020 ## - INTERNATIONAL STANDARD BOOK NUMBER | |
| International Standard Book Number | 978-0-316-09101-5 |
| 040 ## - CATALOGING SOURCE | |
| Transcribing agency | IIA Library |
| 080 ## - UNIVERSAL DECIMAL CLASSIFICATION NUMBER | |
| Universal Decimal Classification number | 523.9 |
| Item number | BER |
| 100 ## - MAIN ENTRY--PERSONAL NAME | |
| Personal name | Berman, Bob |
| 9 (RLIN) | 34750 |
| 245 #4 - TITLE STATEMENT | |
| Title | The Suns heartbeat |
| Remainder of title | and other stories from the life of the star that powers our planet |
| Statement of responsibility, etc. | Bob Berman |
| 260 ## - PUBLICATION, DISTRIBUTION, ETC. | |
| Place of publication, distribution, etc. | New York |
| Name of publisher, distributor, etc. | Little Brown |
| Date of publication, distribution, etc. | 2011 |
| 300 ## - PHYSICAL DESCRIPTION | |
| Extent | viii, 290p. |
| 650 ## - SUBJECT ADDED ENTRY--TOPICAL TERM | |
| Topical term or geographic name entry element | Sun-Popular works |
| 9 (RLIN) | 30534 |
| 650 ## - SUBJECT ADDED ENTRY--TOPICAL TERM | |
| Topical term or geographic name entry element | The sun |
| 9 (RLIN) | 30320 |
| 942 ## - ADDED ENTRY ELEMENTS (KOHA) | |
| Koha item type | Books |
| Withdrawn status | Lost status | Damaged status | Not for loan | Home library | Current library | Shelving location | Date acquired | Source of acquisition | Cost, normal purchase price | Total Checkouts | Full call number | Barcode | Date last seen | Date last checked out | Cost, replacement price | Price effective from | Koha item type | Purchase Price |
|---|---|---|---|---|---|---|---|---|---|---|---|---|---|---|---|---|---|---|
| IIA Library-Bangalore | IIA Library-Bangalore | General Stacks | 28/11/2011 | FLI | 1025.00 | 2 | 523.9/ BER | 19094 | 17/11/2023 | 04/09/2023 | 1025.00 | 28/11/2011 | Books | Rs. 1025.00 |